000 00203nam a22000857a 4500
008 161125b xxu||||| |||| 00| 0 eng d
100 _91418
_aMathers.M.
245 _aGraphing Grade-4
260 _aUSA
_bTCR
_c2011
999 _c4135
_d4135